000 00688am a2200265a 44500
003 AR-BaBNM
005 20251128211143.0
008 063020s1959 #AR|||||||||||000 | spa||
040 _cAR-BaBNM
100 1 _aKovaliov, S.I.
245 1 0 _aHistoria de Roma
_bLa República
_nv. 1
260 _aBuenos Aires
_bFuturo
_c1959
300 _a230 p.
650 4 _aCIVILIZACIONES ANTIGUAS
650 4 _aHISTORIA ANTIGUA
650 4 _aHISTORIA POLITICA
650 4 _aHISTORIA SOCIAL
650 4 _aHISTORIA CULTURAL
653 _aHISTORIA ROMANA
653 _aROMA ANTIGUA
653 _aSENADORES ROMANOS
700 1 _aRavoni, Marcelo
_etraductor
942 _cBK
998 _cmariana
999 _c18475
_d18475